Modern control engineering / (Record no. 189077)
[ view plain ]
| 000 -LEADER | |
|---|---|
| fixed length control field | 01208 a2200217 4500 |
| 003 - CONTROL NUMBER IDENTIFIER | |
| control field | Nust |
| 005 - DATE AND TIME OF LATEST TRANSACTION | |
| control field | 20251111143205.0 |
| 010 ## - LIBRARY OF CONGRESS CONTROL NUMBER | |
| LC control number | 96002345 |
| 020 ## - INTERNATIONAL STANDARD BOOK NUMBER | |
| International Standard Book Number | 8120312376 |
| 040 ## - CATALOGING SOURCE | |
| Transcribing agency | Nust |
| 082 00 - DEWEY DECIMAL CLASSIFICATION NUMBER | |
| Classification number | 629.83,OGA |
| 100 1# - MAIN ENTRY--PERSONAL NAME | |
| Personal name | Ogata, Katsuhiko. |
| 245 10 - TITLE STATEMENT | |
| Title | Modern control engineering / |
| Statement of responsibility, etc. | Katsuhiko Ogata. |
| 250 ## - EDITION STATEMENT | |
| Edition statement | 3rd ed. |
| 260 ## - PUBLICATION, DISTRIBUTION, ETC. | |
| Place of publication, distribution, etc. | Upper Saddle River, N.J. : |
| Name of publisher, distributor, etc. | Prentice Hall, |
| Date of publication, distribution, etc. | c1997. |
| 300 ## - PHYSICAL DESCRIPTION | |
| Extent | xi, 997 p. : |
| Other physical details | ill. ; |
| Dimensions | 24 cm. |
| 505 ## - FORMATTED CONTENTS NOTE | |
| Formatted contents note | Introduction to Control Systems (Page-1), The Laplace Transform (Page-13), Mathematical Modeling of Dynamic Systems (Page-57), Transient-Response Analysis (Page-134), Basic Control Actions and Response of Control Systems (Page-211), Root-Locus Analysis (Page-317), Control Systems Design by The Root-Locus Method (Page-404), Frequency Response Analysis (Page-471), Control Systems Design by Frequency Response (Page-609), PID Controls and Introduction to Robust Control (Page-669), Analysis of Control Systems in State Space (Page-710), Design of Control Systems in State Space (Page-786), Liapunove Stability Analysis and Quadratic Optimal Control (Page-896). |
| 650 #0 - SUBJECT ADDED ENTRY--TOPICAL TERM | |
| Topical term or geographic name entry element | Automatic control. |
| 650 #0 - SUBJECT ADDED ENTRY--TOPICAL TERM | |
| Topical term or geographic name entry element | Control theory. |
| 942 ## - ADDED ENTRY ELEMENTS (KOHA) | |
| Source of classification or shelving scheme | |
| Koha item type | Book |
| Withdrawn status | Lost status | Source of classification or shelving scheme | Damaged status | Not for loan | Permanent Location | Current Location | Shelving location | Date acquired | Full call number | Barcode | Date last seen | Price effective from | Koha item type | Public note |
|---|---|---|---|---|---|---|---|---|---|---|---|---|---|---|
| Military College of Signals (MCS) | Military College of Signals (MCS) | General Stacks | 12/12/2016 | 629.83,OGA | MCS27403 | 12/08/2016 | 12/12/2016 | Book | Almirah No.41, Shelf No.6 | |||||
| Military College of Signals (MCS) | Military College of Signals (MCS) | General Stacks | 01/02/2023 | 629.83,OGA | MCS27319 | 01/02/2023 | 01/02/2023 | Book | Almirah No.41, Shelf No.6 |
